[Event "ODJM B 2025"]
[Site "Willingen GER"]
[Date "2025.06.10"]
[Round "4"]
[White "Subocz, Barbara"]
[Black "Jagodkin, Anton"]
[Result "1/2-1/2"]
[Termination "normal"]
[Board "60"]
[WhiteElo "1559"]
[BlackElo "1515"]
[WhiteClock "00:17:36"]
[BlackClock "00:24:50"]
[PlyCount "106"]
[WhiteFideId "41805658"]
[BlackFideId "34607307"]
[EventCountry "GER"]
[EventRounds "9"]
[EventType "swiss"]
[EventDate "2025.06.07"]

1. e4 {[%clk 01:30:59]} c6 {[%clk 01:30:56]} {[%emt 00:00:04]} 2. Nf3 {[%clk
01:31:00]} {[%emt 00:00:30]} d5 {[%clk 01:31:20]} {[%emt 00:00:06]} 3. Nc3
{[%clk 01:31:08]} {[%emt 00:00:23]} Bg4 {[%clk 01:31:11]} {[%emt 00:00:38]} 4.
h3 {[%clk 01:30:22]} {[%emt 00:01:16]} Bxf3 {[%clk 01:30:28]} {[%emt 00:01:13]}
5. Qxf3 {[%clk 01:30:29]} {[%emt 00:00:23]} e6 {[%clk 01:30:49]} {[%emt
00:00:09]} 6. Be2 {[%clk 01:25:30]} {[%emt 00:05:28]} Nd7 {[%clk 01:30:04]}
{[%emt 00:01:15]} 7. d4 {[%clk 01:24:15]} {[%emt 00:01:46]} Bb4 {[%clk
01:29:08]} {[%emt 00:01:26]} 8. Bd2 {[%clk 01:21:29]} {[%emt 00:03:16]} Bxc3
{[%clk 01:26:33]} {[%emt 00:03:04]} 9. Bxc3 {[%clk 01:16:02]} {[%emt 00:05:58]}
dxe4 {[%clk 01:26:15]} {[%emt 00:00:49]} 10. Qxe4 {[%clk 01:14:37]} {[%emt
00:01:54]} Ngf6 {[%clk 01:26:20]} {[%emt 00:00:24]} 11. Qf3 {[%clk 01:13:00]}
{[%emt 00:02:07]} O-O {[%clk 01:23:06]} {[%emt 00:03:45]} 12. O-O {[%clk
01:11:26]} {[%emt 00:02:04]} Nd5 {[%clk 01:19:19]} {[%emt 00:04:17]} 13. Bd2
{[%clk 01:08:07]} {[%emt 00:03:49]} N7f6 {[%clk 01:18:35]} {[%emt 00:01:13]}
14. c4 {[%clk 01:07:38]} {[%emt 00:00:59]} Ne7 {[%clk 01:18:01]} {[%emt
00:01:04]} 15. Bc3 {[%clk 01:06:30]} {[%emt 00:01:36]} Ng6 {[%clk 01:16:13]}
{[%emt 00:02:21]} 16. b4 {[%clk 01:00:40]} {[%emt 00:06:19]} Qe7 {[%clk
01:11:32]} {[%emt 00:05:11]} 17. Rfb1 {[%clk 00:58:06]} {[%emt 00:03:04]} Rfd8
{[%clk 01:10:03]} {[%emt 00:02:00]} 18. a4 {[%clk 00:56:02]} {[%emt 00:02:34]}
Nh4 {[%clk 01:05:17]} {[%emt 00:05:15]} 19. Qf4 {[%clk 00:48:41]} {[%emt
00:07:51]} Ng6 {[%clk 01:05:30]} {[%emt 00:00:17]} 20. Qg5 {[%clk 00:47:49]}
{[%emt 00:01:19]} Ne4 {[%clk 01:00:40]} {[%emt 00:05:24]} 21. Qxe7 {[%clk
00:47:31]} {[%emt 00:00:48]} Nxe7 {[%clk 01:01:08]} {[%emt 00:00:02]} 22. Bb2
{[%clk 00:47:41]} {[%emt 00:00:19]} Nf5 {[%clk 01:01:01]} {[%emt 00:00:37]} 23.
Rd1 {[%clk 00:47:17]} {[%emt 00:00:55]} Rd7 {[%clk 00:59:56]} {[%emt 00:01:35]}
24. Bf3 {[%clk 00:46:34]} {[%emt 00:01:12]} Nf6 {[%clk 00:58:47]} {[%emt
00:01:39]} 25. Ra3 {[%clk 00:41:19]} {[%emt 00:05:46]} Rad8 {[%clk 00:58:29]}
{[%emt 00:00:48]} 26. Rad3 {[%clk 00:41:05]} {[%emt 00:00:43]} e5 {[%clk
00:52:26]} {[%emt 00:06:34]} 27. Bg4 {[%clk 00:35:08]} {[%emt 00:06:25]} Nxg4
{[%clk 00:51:32]} {[%emt 00:01:25]} 28. hxg4 {[%clk 00:35:22]} {[%emt
00:00:16]} Nxd4 {[%clk 00:48:59]} {[%emt 00:03:03]} 29. Bxd4 {[%clk 00:35:36]}
{[%emt 00:00:16]} exd4 {[%clk 00:44:11]} {[%emt 00:05:18]} 30. c5 {[%clk
00:33:18]} {[%emt 00:02:48]} b6 {[%clk 00:41:56]} {[%emt 00:02:46]} 31. Rc1
{[%clk 00:31:39]} {[%emt 00:02:08]} Rc7 {[%clk 00:39:59]} {[%emt 00:02:28]} 32.
Rc4 {[%clk 00:31:33]} {[%emt 00:00:36]} bxc5 {[%clk 00:38:26]} {[%emt
00:02:03]} 33. Rxc5 {[%clk 00:30:15]} {[%emt 00:01:48]} Rd6 {[%clk 00:35:15]}
{[%emt 00:03:41]} 34. b5 {[%clk 00:29:28]} {[%emt 00:01:16]} Kf8 {[%clk
00:34:53]} {[%emt 00:00:53]} 35. Rxc6 {[%clk 00:28:44]} {[%emt 00:01:14]} Rdxc6
{[%clk 00:34:39]} {[%emt 00:00:44]} 36. bxc6 {[%clk 00:29:00]} {[%emt
00:00:14]} Rxc6 {[%clk 00:35:03]} {[%emt 00:00:06]} 37. Rxd4 {[%clk 00:29:10]}
{[%emt 00:00:20]} Rc1+ {[%clk 00:35:05]} {[%emt 00:00:28]} 38. Kh2 {[%clk
00:29:12]} {[%emt 00:00:29]} Ra1 {[%clk 00:35:32]} {[%emt 00:00:03]} 39. Kg3
{[%clk 00:29:15]} {[%emt 00:00:26]} Ke7 {[%clk 00:35:34]} {[%emt 00:00:28]} 40.
Kf3 {[%clk 00:29:23]} {[%emt 00:00:22]} Kf6 {[%clk 00:35:22]} {[%emt 00:00:42]}
41. Ke3 {[%clk 00:25:24]} {[%emt 00:04:28]} g5 {[%clk 00:34:13]} {[%emt
00:01:40]} 42. g3 {[%clk 00:22:29]} {[%emt 00:03:25]} Ke6 {[%clk 00:32:05]}
{[%emt 00:02:38]} 43. Rc4 {[%clk 00:20:43]} {[%emt 00:02:15]} Kd5 {[%clk
00:30:40]} {[%emt 00:01:56]} 44. Rc7 {[%clk 00:19:29]} {[%emt 00:01:43]} Rxa4
{[%clk 00:28:14]} {[%emt 00:02:58]} 45. Rxf7 {[%clk 00:19:48]} {[%emt
00:00:11]} Ra3+ {[%clk 00:27:43]} {[%emt 00:01:01]} 46. Ke2 {[%clk 00:19:49]}
{[%emt 00:00:28]} h6 {[%clk 00:27:12]} {[%emt 00:01:02]} 47. Rf6 {[%clk
00:19:42]} {[%emt 00:00:36]} Ke4 {[%clk 00:27:06]} {[%emt 00:00:36]} 48. Re6+
{[%clk 00:19:09]} {[%emt 00:01:02]} Kd4 {[%clk 00:27:29]} {[%emt 00:00:08]} 49.
Rxh6 {[%clk 00:19:26]} {[%emt 00:00:13]} Ra5 {[%clk 00:27:06]} {[%emt
00:00:53]} 50. Rh5 {[%clk 00:19:17]} {[%emt 00:00:35]} Ke4 {[%clk 00:25:58]}
{[%emt 00:01:42]} 51. f3+ {[%clk 00:17:19]} {[%emt 00:02:28]} Kd4 {[%clk
00:24:39]} {[%emt 00:01:50]} 52. f4 {[%clk 00:17:29]} {[%emt 00:00:20]} Ra2+
{[%clk 00:24:48]} {[%emt 00:00:20]} 53. Kf3 {[%clk 00:17:36]} {[%emt 00:00:21]}
Ra3+ {[%clk 00:24:50]} {[%emt 00:00:31]} 1/2-1/2

[Event "ODJM B 2025"]
[Site "Willingen GER"]
[Date "2025.06.10"]
[Round "4"]
[White "Rose, Elias Bernd"]
[Black "Rabus, Johann"]
[Result "1/2-1/2"]
[Termination "normal"]
[Board "61"]
[WhiteElo "1609"]
[BlackElo "1579"]
[WhiteClock "00:15:21"]
[BlackClock "01:02:06"]
[PlyCount "87"]
[WhiteFideId "34665730"]
[BlackFideId "34602950"]
[EventCountry "GER"]
[EventRounds "9"]
[EventType "swiss"]
[EventDate "2025.06.07"]

1. e4 {[%clk 01:30:56]} {[%emt 00:00:04]} c6 {[%clk 01:30:55]} {[%emt
00:00:06]} 2. d4 {[%clk 01:31:22]} {[%emt 00:00:03]} d5 {[%clk 01:31:20]}
{[%emt 00:00:04]} 3. Nc3 {[%clk 01:31:49]} {[%emt 00:00:04]} dxe4 {[%clk
01:31:45]} {[%emt 00:00:05]} 4. Nxe4 {[%clk 01:32:08]} {[%emt 00:00:11]} Nd7
{[%clk 01:32:11]} {[%emt 00:00:04]} 5. Nf3 {[%clk 01:32:23]} {[%emt 00:00:14]}
Ngf6 {[%clk 01:32:34]} {[%emt 00:00:07]} 6. Ng3 {[%clk 01:32:29]} {[%emt
00:00:23]} e6 {[%clk 01:31:54]} {[%emt 00:01:11]} 7. Bd3 {[%clk 01:30:36]}
{[%emt 00:02:22]} Bd6 {[%clk 01:32:15]} {[%emt 00:00:09]} 8. O-O {[%clk
01:30:07]} {[%emt 00:01:00]} O-O {[%clk 01:29:33]} {[%emt 00:03:12]} 9. Re1
{[%clk 01:27:09]} {[%emt 00:03:28]} Qc7 {[%clk 01:26:28]} {[%emt 00:03:35]} 10.
c4 {[%clk 01:25:25]} {[%emt 00:02:15]} b6 {[%clk 01:24:27]} {[%emt 00:02:31]}
11. b3 {[%clk 01:22:34]} {[%emt 00:03:21]} Bb7 {[%clk 01:24:37]} {[%emt
00:00:19]} 12. Be4 {[%clk 01:11:29]} {[%emt 00:11:35]} Rad8 {[%clk 01:18:16]}
{[%emt 00:06:50]} 13. Qc2 {[%clk 00:53:41]} {[%emt 00:18:18]} c5 {[%clk
01:13:19]} {[%emt 00:05:28]} 14. Bxb7 {[%clk 00:53:56]} {[%emt 00:00:15]} Qxb7
{[%clk 01:13:42]} {[%emt 00:00:07]} 15. Bb2 {[%clk 00:53:28]} {[%emt 00:00:58]}
Bxg3 {[%clk 01:04:45]} {[%emt 00:09:27]} 16. hxg3 {[%clk 00:53:39]} {[%emt
00:00:18]} Ng4 {[%clk 01:01:43]} {[%emt 00:03:32]} 17. Ng5 {[%clk 00:50:06]}
{[%emt 00:04:04]} Ngf6 {[%clk 01:00:06]} {[%emt 00:02:08]} 18. dxc5 {[%clk
00:49:55]} {[%emt 00:00:41]} bxc5 {[%clk 01:00:30]} {[%emt 00:00:06]} 19. Rad1
{[%clk 00:49:22]} {[%emt 00:01:02]} h6 {[%clk 01:00:37]} {[%emt 00:00:23]} 20.
Ne4 {[%clk 00:49:38]} {[%emt 00:00:14]} Nxe4 {[%clk 01:00:36]} {[%emt
00:00:31]} 21. Rxe4 {[%clk 00:49:40]} {[%emt 00:00:28]} Nf6 {[%clk 01:00:49]}
{[%emt 00:00:17]} 22. Rxd8 {[%clk 00:48:59]} {[%emt 00:01:11]} Qxe4 {[%clk
01:00:51]} {[%emt 00:00:28]} 23. Qxe4 {[%clk 00:48:40]} {[%emt 00:00:49]} Nxe4
{[%clk 01:01:15]} {[%emt 00:00:06]} 24. Rxf8+ {[%clk 00:48:25]} {[%emt
00:00:45]} Kxf8 {[%clk 01:01:40]} {[%emt 00:00:05]} 25. Be5 {[%clk 00:47:20]}
{[%emt 00:01:34]} f6 {[%clk 00:59:04]} {[%emt 00:03:07]} 26. Bb8 {[%clk
00:44:05]} {[%emt 00:03:46]} a6 {[%clk 00:59:28]} {[%emt 00:00:05]} 27. f3
{[%clk 00:43:13]} {[%emt 00:01:21]} Nc3 {[%clk 00:59:23]} {[%emt 00:00:35]} 28.
Bd6+ {[%clk 00:43:36]} {[%emt 00:00:07]} Kf7 {[%clk 00:59:49]} {[%emt
00:00:04]} 29. Bxc5 {[%clk 00:43:47]} {[%emt 00:00:19]} Nxa2 {[%clk 01:00:15]}
{[%emt 00:00:05]} 30. Ba3 {[%clk 00:42:16]} {[%emt 00:02:02]} Nc3 {[%clk
01:00:37]} {[%emt 00:00:08]} 31. Kf2 {[%clk 00:39:51]} {[%emt 00:02:55]} a5
{[%clk 01:00:15]} {[%emt 00:00:52]} 32. Bc5 {[%clk 00:38:53]} {[%emt 00:01:28]}
e5 {[%clk 00:59:59]} {[%emt 00:00:46]} 33. Ke3 {[%clk 00:37:32]} {[%emt
00:01:51]} a4 {[%clk 01:00:23]} {[%emt 00:00:07]} 34. Kd3 {[%clk 00:36:57]}
{[%emt 00:01:04]} Nd1 {[%clk 01:00:28]} {[%emt 00:00:25]} 35. Kc2 {[%clk
00:37:09]} {[%emt 00:00:18]} a3 {[%clk 01:00:40]} {[%emt 00:00:18]} 36. Bxa3
{[%clk 00:37:01]} {[%emt 00:00:38]} Ne3+ {[%clk 01:00:58]} {[%emt 00:00:12]}
37. Kd3 {[%clk 00:36:16]} {[%emt 00:01:15]} Nxg2 {[%clk 01:01:20]} {[%emt
00:00:08]} 38. c5 {[%clk 00:36:22]} {[%emt 00:00:24]} Ne1+ {[%clk 01:01:44]}
{[%emt 00:00:06]} 39. Ke2 {[%clk 00:34:57]} {[%emt 00:01:55]} Nc2 {[%clk
01:02:09]} {[%emt 00:00:05]} 40. Bb2 {[%clk 00:34:27]} {[%emt 00:01:00]} Nb4
{[%clk 01:02:33]} {[%emt 00:00:05]} 41. Ke3 {[%clk 00:32:54]} {[%emt 00:02:03]}
Ke6 {[%clk 01:02:54]} {[%emt 00:00:08]} 42. Bc3 {[%clk 00:31:01]} {[%emt
00:02:24]} Nc6 {[%clk 01:02:01]} {[%emt 00:01:24]} 43. b4 {[%clk 00:27:20]}
{[%emt 00:04:11]} Kd5 {[%clk 01:02:06]} {[%emt 00:00:24]} 44. f4 {[%clk
00:15:21]} {[%emt 00:12:29]} 1/2-1/2

[Event "ODJM B 2025"]
[Site "Willingen GER"]
[Date "2025.06.10"]
[Round "4"]
[White "Weidenhöfer, Ben"]
[Black "Zielke, Marek"]
[Result "0-1"]
[Termination "normal"]
[Board "62"]
[WhiteElo "1620"]
[BlackElo "1572"]
[WhiteClock "01:06:03"]
[BlackClock "01:05:04"]
[PlyCount "42"]
[WhiteFideId "16273702"]
[BlackFideId "34661808"]
[EventCountry "GER"]
[EventRounds "9"]
[EventType "swiss"]
[EventDate "2025.06.07"]

1. d4 {[%clk 01:30:57]} {[%emt 00:00:02]} d5 {[%clk 01:30:54]} {[%emt
00:00:06]} 2. Bg5 {[%clk 01:31:19]} {[%emt 00:00:09]} Bf5 {[%clk 01:24:12]}
{[%emt 00:07:12]} 3. e3 {[%clk 01:30:46]} {[%emt 00:01:03]} Nc6 {[%clk
01:23:26]} {[%emt 00:01:16]} 4. Bd3 {[%clk 01:30:35]} {[%emt 00:00:41]} Bxd3
{[%clk 01:22:59]} {[%emt 00:00:57]} 5. Qxd3 {[%clk 01:30:54]} {[%emt 00:00:10]}
Qd7 {[%clk 01:22:34]} {[%emt 00:00:54]} 6. c3 {[%clk 01:30:04]} {[%emt
00:01:21]} Qg4 {[%clk 01:19:35]} {[%emt 00:03:29]} 7. Qb5 {[%clk 01:23:41]}
{[%emt 00:06:54]} O-O-O {[%clk 01:17:00]} {[%emt 00:03:05]} 8. Bxe7 {[%clk
01:20:47]} {[%emt 00:03:24]} Bxe7 {[%clk 01:16:44]} {[%emt 00:00:46]} 9. g3
{[%clk 01:21:03]} {[%emt 00:00:13]} Qe4 {[%clk 01:16:41]} {[%emt 00:00:32]} 10.
f3 {[%clk 01:20:40]} {[%emt 00:00:54]} Qxe3+ {[%clk 01:16:56]} {[%emt
00:00:15]} 11. Qe2 {[%clk 01:20:53]} {[%emt 00:00:17]} Qxe2+ {[%clk 01:17:16]}
{[%emt 00:00:10]} 12. Nxe2 {[%clk 01:21:18]} {[%emt 00:00:05]} Nf6 {[%clk
01:17:36]} {[%emt 00:00:10]} 13. O-O {[%clk 01:20:58]} {[%emt 00:00:50]} Rhe8
{[%clk 01:15:50]} {[%emt 00:02:16]} 14. Nd2 {[%clk 01:20:53]} {[%emt 00:00:35]}
Na5 {[%clk 01:14:36]} {[%emt 00:01:43]} 15. b4 {[%clk 01:20:02]} {[%emt
00:01:23]} Nc4 {[%clk 01:14:22]} {[%emt 00:00:44]} 16. Nb3 {[%clk 01:20:17]}
{[%emt 00:00:15]} Bxb4 {[%clk 01:13:38]} {[%emt 00:01:13]} 17. Rae1 {[%clk
01:10:34]} {[%emt 00:10:13]} Bd6 {[%clk 01:11:14]} {[%emt 00:02:53]} 18. Rf2
{[%clk 01:07:07]} {[%emt 00:03:59]} Nb2 {[%clk 01:08:17]} {[%emt 00:03:26]} 19.
Rg2 {[%clk 01:06:41]} {[%emt 00:00:55]} Nd3 {[%clk 01:08:17]} {[%emt 00:00:31]}
20. Rd1 {[%clk 01:06:47]} {[%emt 00:00:25]} Nb2 {[%clk 01:08:10]} {[%emt
00:00:36]} 21. Ra1 {[%clk 01:06:03]} {[%emt 00:01:14]} Re3 {[%clk 01:05:04]}
{[%emt 00:03:36]} 0-1

[Event "ODJM B 2025"]
[Site "Willingen GER"]
[Date "2025.06.10"]
[Round "4"]
[White "Hantke, Karl"]
[Black "Görlach, Hanna"]
[Result "1/2-1/2"]
[Termination "normal"]
[Board "63"]
[WhiteElo "1666"]
[BlackElo "1511"]
[WhiteClock "01:09:58"]
[BlackClock "00:23:25"]
[PlyCount "69"]
[WhiteFideId "34640827"]
[BlackFideId "34675604"]
[EventCountry "GER"]
[EventRounds "9"]
[EventType "swiss"]
[EventDate "2025.06.07"]

1. e4 {[%clk 01:30:58]} {[%emt 00:00:02]} c5 {[%clk 01:30:55]} {[%emt
00:00:05]} 2. Nf3 {[%clk 01:31:21]} {[%emt 00:00:06]} Nc6 {[%clk 01:31:21]}
{[%emt 00:00:05]} 3. d4 {[%clk 01:31:47]} {[%emt 00:00:04]} cxd4 {[%clk
01:31:47]} {[%emt 00:00:05]} 4. Nxd4 {[%clk 01:32:11]} {[%emt 00:00:06]} g6
{[%clk 01:32:13]} {[%emt 00:00:03]} 5. c4 {[%clk 01:32:35]} {[%emt 00:00:06]}
Bg7 {[%clk 01:32:24]} {[%emt 00:00:19]} 6. Be3 {[%clk 01:32:55]} {[%emt
00:00:11]} Nf6 {[%clk 01:24:48]} {[%emt 00:08:05]} 7. Nc3 {[%clk 01:33:18]}
{[%emt 00:00:07]} O-O {[%clk 01:23:47]} {[%emt 00:01:31]} 8. Be2 {[%clk
01:33:41]} {[%emt 00:00:06]} Qa5 {[%clk 01:17:10]} {[%emt 00:07:06]} 9. O-O
{[%clk 01:33:21]} {[%emt 00:00:51]} d6 {[%clk 01:11:59]} {[%emt 00:05:41]} 10.
f3 {[%clk 01:33:09]} {[%emt 00:00:43]} Bd7 {[%clk 01:10:52]} {[%emt 00:01:35]}
11. Nc2 {[%clk 01:33:28]} {[%emt 00:00:12]} Rfc8 {[%clk 01:09:01]} {[%emt
00:02:21]} 12. Qd2 {[%clk 01:33:33]} {[%emt 00:00:26]} Qd8 {[%clk 01:02:19]}
{[%emt 00:07:11]} 13. Rac1 {[%clk 01:33:03]} {[%emt 00:01:00]} Na5 {[%clk
00:58:03]} {[%emt 00:04:45]} 14. Na3 {[%clk 01:33:13]} {[%emt 00:00:21]} b6
{[%clk 00:56:11]} {[%emt 00:02:22]} 15. Nd5 {[%clk 01:30:55]} {[%emt 00:02:48]}
Nxd5 {[%clk 00:54:54]} {[%emt 00:01:47]} 16. cxd5 {[%clk 01:31:06]} {[%emt
00:00:20]} Rxc1 {[%clk 00:54:11]} {[%emt 00:01:12]} 17. Rxc1 {[%emt 00:00:45]}
Rc8 {[%clk 00:54:15]} 18. Ba6 {[%clk 01:31:04]} {[%emt 00:00:42]} Rc7 {[%clk
00:51:49]} {[%emt 00:02:55]} 19. b4 {[%clk 01:27:30]} {[%emt 00:04:07]} Nb7
{[%clk 00:52:11]} {[%emt 00:00:08]} 20. Nb5 {[%clk 01:27:25]} {[%emt 00:00:35]}
Bxb5 {[%clk 00:50:00]} {[%emt 00:02:40]} 21. Bxb5 {[%clk 01:27:42]} {[%emt
00:00:13]} Qc8 {[%clk 00:43:24]} {[%emt 00:07:06]} 22. Rc6 {[%clk 01:25:12]}
{[%emt 00:03:00]} Nd8 {[%clk 00:38:22]} {[%emt 00:05:32]} 23. Rxc7 {[%clk
01:18:57]} {[%emt 00:06:45]} Qxc7 {[%clk 00:38:47]} {[%emt 00:00:06]} 24. Bc6
{[%clk 01:19:05]} {[%emt 00:00:22]} Nb7 {[%clk 00:36:09]} {[%emt 00:03:07]} 25.
Qd3 {[%clk 01:15:44]} {[%emt 00:03:52]} Nd8 {[%clk 00:35:21]} {[%emt 00:01:18]}
26. Bf4 {[%clk 01:14:28]} {[%emt 00:01:47]} Be5 {[%clk 00:29:42]} {[%emt
00:06:09]} 27. Bxe5 {[%clk 01:11:13]} {[%emt 00:03:45]} dxe5 {[%clk 00:30:06]}
{[%emt 00:00:06]} 28. Kf2 {[%clk 01:11:29]} {[%emt 00:00:14]} f6 {[%clk
00:30:09]} {[%emt 00:00:27]} 29. Qc4 {[%clk 01:11:41]} {[%emt 00:00:18]} Kf8
{[%clk 00:29:26]} {[%emt 00:01:11]} 30. Ke3 {[%clk 01:11:20]} {[%emt 00:00:52]}
Qd6 {[%clk 00:24:44]} {[%emt 00:05:11]} 31. Kd3 {[%clk 01:10:46]} {[%emt
00:01:05]} Nxc6 {[%clk 00:22:43]} {[%emt 00:02:32]} 32. Qxc6 {[%clk 01:10:28]}
{[%emt 00:00:48]} Qxb4 {[%clk 00:22:58]} {[%emt 00:00:16]} 33. Qc8+ {[%clk
01:09:40]} {[%emt 00:01:18]} Kf7 {[%clk 00:23:13]} {[%emt 00:00:12]} 34. Qe6+
{[%clk 01:10:02]} {[%emt 00:00:11]} Kf8 {[%clk 00:23:25]} {[%emt 00:00:18]} 35.
Qc8+ {[%clk 01:09:58]} {[%emt 00:00:33]} 1/2-1/2

[Event "ODJM B 2025"]
[Site "Willingen GER"]
[Date "2025.06.10"]
[Round "4"]
[White "Menke, Xaver Louis"]
[Black "Hildebrand, Azat"]
[Result "0-1"]
[Termination "normal"]
[Board "64"]
[WhiteElo "1631"]
[BlackElo "1602"]
[WhiteClock "01:20:47"]
[BlackClock "00:43:57"]
[PlyCount "52"]
[WhiteFideId "34663134"]
[BlackFideId "34607536"]
[EventCountry "GER"]
[EventRounds "9"]
[EventType "swiss"]
[EventDate "2025.06.07"]

1. e4 {[%clk 01:30:58]} c6 {[%clk 01:30:56]} {[%emt 00:00:05]} 2. d4 {[%clk
01:31:22]} {[%emt 00:00:06]} d5 {[%clk 01:31:18]} {[%emt 00:00:09]} 3. e5
{[%clk 01:31:44]} {[%emt 00:00:08]} c5 {[%clk 01:31:43]} {[%emt 00:00:05]} 4.
dxc5 {[%clk 01:32:02]} {[%emt 00:00:11]} e6 {[%clk 01:32:02]} {[%emt 00:00:11]}
5. a3 {[%clk 01:32:25]} {[%emt 00:00:08]} Bxc5 {[%clk 01:32:23]} {[%emt
00:00:08]} 6. b4 {[%clk 01:32:42]} {[%emt 00:00:13]} Bb6 {[%clk 01:32:43]}
{[%emt 00:00:10]} 7. Qg4 {[%clk 01:33:01]} {[%emt 00:00:11]} Ne7 {[%clk
01:31:52]} {[%emt 00:01:21]} 8. Qxg7 {[%clk 01:33:11]} {[%emt 00:00:20]} Rg8
{[%clk 01:32:04]} {[%emt 00:00:18]} 9. Qxh7 {[%clk 01:33:33]} {[%emt 00:00:09]}
Bd4 {[%clk 01:27:51]} {[%emt 00:04:42]} 10. Ra2 {[%clk 01:33:16]} {[%emt
00:00:47]} Qb6 {[%clk 01:27:09]} {[%emt 00:01:12]} 11. c3 {[%clk 01:32:24]}
{[%emt 00:01:22]} Bxe5 {[%clk 01:25:42]} {[%emt 00:01:56]} 12. Nf3 {[%clk
01:30:31]} {[%emt 00:02:24]} Bf6 {[%clk 01:23:03]} {[%emt 00:03:09]} 13. Be3
{[%clk 01:29:53]} {[%emt 00:01:08]} Qc7 {[%clk 01:22:43]} {[%emt 00:00:50]} 14.
Rc2 {[%clk 01:28:11]} {[%emt 00:02:12]} e5 {[%clk 01:22:00]} {[%emt 00:01:13]}
15. Qh6 {[%clk 01:27:02]} {[%emt 00:01:37]} Rg6 {[%clk 01:18:37]} {[%emt
00:03:54]} 16. Qh5 {[%clk 01:26:11]} {[%emt 00:01:22]} Bg4 {[%clk 01:15:52]}
{[%emt 00:03:15]} 17. Qh7 {[%clk 01:25:57]} {[%emt 00:00:43]} Bf5 {[%clk
01:13:04]} {[%emt 00:03:18]} 18. Rc1 {[%clk 01:24:56]} {[%emt 00:01:32]} Bxb1
{[%clk 00:58:08]} {[%emt 00:15:26]} 19. Rxb1 {[%clk 01:24:24]} {[%emt
00:01:03]} Qxc3+ {[%clk 00:57:58]} {[%emt 00:00:40]} 20. Nd2 {[%clk 01:24:11]}
{[%emt 00:00:42]} d4 {[%clk 00:55:37]} {[%emt 00:02:50]} 21. Bh6 {[%clk
01:23:46]} {[%emt 00:00:55]} Nf5 {[%clk 00:54:29]} {[%emt 00:01:39]} 22. Rb3
{[%clk 01:22:42]} {[%emt 00:01:36]} Qc1+ {[%clk 00:49:42]} {[%emt 00:05:09]}
23. Ke2 {[%clk 01:21:51]} {[%emt 00:01:27]} Nxh6 {[%clk 00:45:43]} {[%emt
00:04:30]} 24. g3 {[%clk 01:21:46]} {[%emt 00:00:35]} Bg5 {[%clk 00:44:30]}
{[%emt 00:01:42]} 25. Qh8+ {[%clk 01:20:43]} {[%emt 00:01:33]} Ng8 {[%clk
00:43:32]} {[%emt 00:01:28]} 26. Qxe5+ {[%clk 01:20:47]} {[%emt 00:00:25]} Re6
{[%clk 00:43:57]} {[%emt 00:00:06]} 0-1